[Event "Moscow Tal Memorial 3rd"]
[Site "Moscow"]
[Date "2008.08.20"]
[Round "3"]
[White "Kamsky, Gata"]
[Black "Gelfand, Boris"]
[Result "1/2-1/2"]
[WhiteElo "2723"]
[BlackElo "2720"]
[Annotator "Kritz,L"]
[PlyCount "121"]
[EventDate "2008.08.18"]
[EventType "tourn"]
[EventRounds "9"]
[EventCountry "RUS"]
[EventCategory "20"]
[SourceTitle "CBM 126"]
[Source "ChessBase"]
[SourceDate "2008.10.01"]
[SourceVersion "1"]
[SourceVersionDate "2008.10.01"]
[SourceQuality "1"]

1. e4 e5 2. Nf3 Nf6 3. d4 {Diese Variante hat innerhalb der letzten Jahre
einiges an Popularität gewonnen, doch es scheint, dass Schwarz auch hier einen
klaren Weg zum Ausgleich gefunden hat. Die Hauptvariante ist 3.Nxe5.} (3. Nxe5
d6 4. Nf3 Nxe4 5. d4 d5 6. Bd3 Be7 7. O-O Nc6 8. c4 Nb4 9. Be2 O-O 10. Nc3 Bf5
11. a3 Nxc3 12. bxc3 Nc6 13. Bf4 Rc8 14. Re1 Re8 15. cxd5 Qxd5 {...es entsteht
eine der wichtigsten Stellungen der modernen Theorie, in der die Varianten bis
ins tiefe Endspiel analysiert worden sind. Das Ergebnis: Schwarz kann Remis
halten.}) (3. Nc3 Nc6 {führt in das Vierspringer-Spiel über, was aus meiner
Ansicht heutzutage vielleicht die beste Möglichkeit ist, gegen Russisch zu
kämpfen.}) 3... Nxe4 (3... exd4 4. e5 Ne4 5. Qxd4 d5 6. exd6 Nxd6 7. Nc3 Nc6 8.
Qf4 $14 {Weiß hat einen kleinen Vorteil, weil seine Dame auf f4 unantastbar
steht, der schwarze Springer auf d6 dagegen die schwarze Entwicklung stört.})
4. Bd3 d5 5. Nxe5 (5. dxe5 $5 {Lange Zeit blieb diese Variante im Schatten,
obwohl Weiß großartige Ergebnisse erzielt hat. Doch heute gibt es auch hier
für Schwarz keine Schwiriegkeiten mehr:} Nc5 $1 {Die beste Verteidigung für
Schwarz.} 6. Nc3 c6 7. Nd4 Be7 8. O-O O-O 9. f4 Nxd3 10. Qxd3 f5 11. Nb3 Na6
12. Be3 Nc7 $132 {Navara - Kramnik (Prague, 2008)}) 5... Nd7 6. O-O ({Wie
schon lange bekannt, bringt} 6. Nxd7 Bxd7 7. O-O Bd6 {auch nichts} 8. c4 (8.
Nc3 Nxc3 9. bxc3 O-O 10. Qh5 f5 11. Re1 Qf6 $11 {Korneev - Khenkin (Dresden,
2007)}) 8... c6 9. cxd5 cxd5 10. Nc3 Nxc3 11. bxc3 O-O 12. Qh5 g6 13. Qxd5 Qc7
$11 {Fast alle Partien innerhalb der letzten Jahre endeten in dieser Variante
Remis.}) 6... Nxe5 7. dxe5 Nc5 8. f4 (8. Nc3 c6 9. Ne2 Be7 10. f4 f6 11. Be3
Nxd3 12. Qxd3 O-O $11 {Mamedyarov - Kramnik (Wijk aan Zee, 2008).
Offensichtlich hat Schwarz nichts zu befürchten.}) 8... g6 {Es ist gut für
Schwarz mit dem Tausch auf d3 abzuwarten, nicht dass Weiß mittels Angriff auf
den Bauern d5 Zeit für seine Entwicklung gewinnt.} (8... Nxd3 9. Qxd3 g6 10.
Nc3 c6 11. Ne2 $14) 9. Be3 (9. f5 $2 Nxd3 10. Qxd3 Bxf5 11. Rxf5 gxf5 12. Qxf5
Qd7 $19) 9... Be7 10. Be2 O-O 11. Kh1 (11. Nd2 f5 $132 {Das ist nämlich die
Idee von Schwarz - nachdem er f5 durchsetzt, hat Weiß kein Spiel mehr und die
schwarzen Figuren nehmen die aktivsten Positionen ein.}) 11... f6 $1 {Schwarz
nutzt die Möglichkeit aus, so schnell wie möglich seinen Programmdurchbruch zu
realisieren.} (11... c6 {ist etwas zu langsam.} 12. Nd2 (12. Nc3 a5 13. Bf3 b5
$132) 12... Be6 (12... f6 $2 13. exf6 Rxf6 14. Bxc5 $1 Bxc5 15. Ne4 $18) 13.
Nf3 $14) 12. exf6 (12. Nc3 Be6 $1 (12... c6 $2 13. exf6 Rxf6 14. Bxc5 $1 Bxc5
15. Ne4 $18) 13. exf6 Rxf6 14. Bf3 c6 $11 {Schwarz ist voellig ok.}) 12... Rxf6
13. c4 Be6 {Die solideste Fortsetzung.} (13... d4 $5 {Ein interessanter
Bauernopfer für die Initiative, aber anscheinend doch nicht ganz korrekt:} 14.
Qxd4 (14. Bxd4 Rd6 15. Bxc5 Rxd1 16. Rxd1 Qf8 17. Bxe7 Qxe7 18. Nc3 Bf5 $17)
14... Rd6 $3 15. Qxc5 Re6 16. Qd4 Qxd4 17. Bxd4 Rxe2 18. Nc3 $1 {Das ist der
Zug, weswegen das Opfer nicht korrekt ist.} Rd2 (18... Rxb2 19. Nd5 Re2 20.
Nxc7 Rb8 21. Bxa7 $18) 19. Rad1 Rxd1 20. Rxd1 $14) 14. cxd5 Qxd5 15. Nc3 Qxd1
16. Raxd1 {Es droht 17.Bxc5 Bxc5.18.Ne4. Nachdem Schwarz diese Drohung pariert,
kommt die Stellung ins Gleichgewicht. Man kann sagen, dass Weiß keinen
Eröffnungsvorteil erreicht hat.} Rf7 $1 17. b4 (17. Rfe1 $5 {sieht stärker aus.
} c6 18. g3 a5 (18... Re8 19. Bxc5 Bxc5 20. Bc4 Bxc4 (20... Rfe7 21. Rxe6 Rxe6
22. Ne4 $18) 21. Rxe8+ Kg7 22. Re4 $18) (18... Nd7 19. f5 $3 gxf5 (19... Bxf5
20. Bc4 Ne5 21. Bxf7+ Kxf7 22. Bc5 Bxc5 23. Rxe5 Be7 24. Ne4 $14) 20. Bh5 Nf6
21. Bxf7+ Kxf7 22. Bd4 $14) 19. Kg2 Kf8 20. Bd4 $36 {Weiß hat eine gewisse
Initiative. Es ist allerdings nicht klar, ob sie ausreicht, um von einem
Vorteil zu sprechen.}) 17... Bf6 (17... Nd7 $1 {wäre einfacher gewesen.} 18.
Nb5 {Ansonsten ist es überhaupt nicht klar, wie Weiß auf Gewinn spielen kann.}
Rc8 19. a3 (19. Nxa7 Ra8 20. a3 (20. Nb5 Rxa2 $15) 20... c5 21. Nb5 cxb4 22.
axb4 Ra2 23. Bf3 Bc4 24. Rxd7 Bxf1 25. Bd5 Ra1 26. Bg1 Kf8 27. Nc7 (27. Bxf7
Bxb5 28. Rxb7 Bh4 29. Bd5 Bf2 $17) 27... Rf5 28. Ne6+ Kf7 29. Nc7+ Kf8 $11)
19... a6 20. Nd4 Bd5 21. Bg4 Bd6 22. Nb5 axb5 23. Rxd5 Re8 24. Bd4 Nf6 25. Bxf6
Rxf6 $11) 18. Bd4 (18. bxc5 Bxc3 $15) 18... Bxd4 (18... Nd7 $5 19. Nb5 Rc8 20.
Rfe1 Bxd4 21. Rxd4 a6 22. Bf3 Nf8 23. Nc3 (23. Bxb7 $2 Rb8 24. Bxa6 Rb6 $17)
23... c6 $11) 19. Rxd4 Nd7 20. Re4 $1 {Die einzige Chance von Weiß ist es, die
augenblicklich ungünstige Lage der schwarzen Figuren auszunutzen.} Bf5 (20...
Re8 21. Bc4 Rfe7 22. Rfe1 Kf7 23. Nd5 Bxd5 24. Bxd5+ $16) 21. Re3 Nb6 $8 (21...
Kf8 $2 22. g4 Bc2 23. Rc1 $18) 22. Rd1 (22. g4 Bd7 23. Kg2 Re8 24. Rxe8+ Bxe8
$11) 22... Kf8 23. Kg1 Re7 {Schwarz neutralisiert die weiße Initiative und
damit ist die Stellung endgültig ausgeglichen.} 24. Kf2 (24. Rxe7 Kxe7 25. b5
$5 Rd8 26. Rxd8 Kxd8 27. Bf3 Kc8 28. Kf2 Nc4 $11 {Der Zug 25.b5 ist
zweischneidig - einerseits fixiert Weiß die schwarze Bauernmehrheit am
Damenflügel, andererseits stellt er seinen Bauern auf das Feld der Läuferfarbe.
Diese beiden Faktoren gleichen sich mehr oder weniger aus.}) 24... Rxe3 25.
Kxe3 Re8+ 26. Kf2 c6 $11 {Es ist immer gut, die Felder im Zentrum unter
Kontrolle zu halten - in dem Fall das Feld d5.} 27. Rd4 (27. a4 Ke7 28. a5 Nd7
$11) 27... Be6 28. Bf3 Nd5 $6 {Eine kleine Ungenauigkeit. Schwarz hat die
Antwort des Gegners wohl übersehen.} 29. Ne4 $1 {Der Springer reitet nach c5.
Zusammen mit dem Läufer f3 bauen sie einen unangenehmen Druck auf der großen
Diagonale auf.} (29. Nxd5 cxd5 $11 {Hier ist überhaupt nichts zu machen - der
schwarze König kommt nach d6 und deckt die einzige Schwäche d5.}) (29. Bxd5
cxd5 (29... Bxd5 30. Nxd5 cxd5 (30... Rd8 $4 31. Nc7 Rxd4 32. Ne6+ $18) 31.
Rxd5 Re4 32. b5 Rxf4+ 33. Ke3 Ra4 $11) 30. Ke3 Rc8 (30... Bh3+ $2 31. Kf3 Be6
32. Nxd5 $1 Rd8 33. Ke4 $16) 31. Kd2 Kf7 $11) 29... Re7 30. Nc5 $14 Nc3 (30...
Kf7 31. b5 $14) 31. Rd8+ Kf7 32. Rh8 Kg7 33. Rb8 Bd5 (33... Bxa2 $6 34. Rxb7
Rxb7 35. Nxb7 Bd5 36. Na5 Na2 37. Bxd5 cxd5 38. Nc6 a6 (38... Kf7 39. b5 Ke6
40. Nxa7 d4 41. b6 $16) 39. Ke3 Kf6 40. Kd4 Ke6 41. Kc5 $16) 34. Nxb7 (34. Rxb7
Rxb7 35. Nxb7 Bxf3 36. Kxf3 Nxa2 $15) 34... Ne4+ 35. Kg1 (35. Bxe4 $2 Rxe4 $15)
35... Bxa2 36. Nc5 Bd5 (36... Nxc5 37. bxc5 Bd5 38. Bxd5 cxd5 39. Rd8 (39. c6
Kf6 40. Rb7 a5 41. c7 Re1+ 42. Kf2 Rc1 $11) 39... Kf6 40. Rxd5 a5 {
Höchstwahrscheinlich ist das Endspiel remis, aber die Partiefortsetzung ist
einfach stärker.}) 37. Bxe4 Bxe4 38. Kf2 (38. Nxe4 Rxe4 39. Rb7+ Kf6 40. g3 h5
$11) 38... Bd5 39. g4 Kf6 {Der Springer auf c5 sieht nur gut aus, in
Wirklichkeit hat er jedoch wenig zu tun. Der weiße König ist vom Zentrum
abgeschnitten. Das gleicht die schlechtere schwarze Bauernstruktur am
Damenflügel völlig aus.} 40. Rd8 Rc7 (40... Kf7 $11 {Um nicht den weißen König
ins Zentrum zu lassen.}) 41. Ke3 Ke7 42. Rb8 Kd6 43. Nb7+ Ke6 44. Kd4 h5 45.
Nc5+ Kf6 46. h3 $6 (46. gxh5 gxh5 47. Nd3 $14 {Weiß entwickelt eine Initiative
auf dem ganzen Brett: Rh8-Ne5...}) 46... hxg4 47. hxg4 Rh7 {Nachdem der Turm
ins weiße Lager eindringt, muss Weiß aufpassen und Remis forcieren.} 48. Rd8
Rh1 49. Rd6+ Kg7 50. g5 Rc1 51. Rd7+ Kh8 52. Ke5 Rc4 53. Kf6 Rxf4+ 54. Kxg6
Rxb4 55. Rxa7 Bg8 56. Re7 Rh4 57. Re8 Rd4 58. Re7 Rd6+ 59. Kh5 Bh7 60. Nd7 Rd1
61. Re8+ 1/2-1/2

[Event "Moscow Tal Memorial 3rd"]
[Site "Moscow"]
[Date "2008.08.21"]
[Round "4"]
[White "Alekseev, Evgeny V"]
[Black "Kamsky, Gata"]
[Result "1/2-1/2"]
[WhiteElo "2708"]
[BlackElo "2723"]
[Annotator "Krasenkow,M"]
[PlyCount "151"]
[EventDate "2008.08.18"]
[EventType "tourn"]
[EventRounds "9"]
[EventCountry "RUS"]
[EventCategory "20"]
[SourceTitle "CBM 126"]
[Source "ChessBase"]
[SourceDate "2008.10.01"]
[SourceVersion "1"]
[SourceVersionDate "2008.10.01"]
[SourceQuality "1"]

1. d4 Nf6 2. c4 g6 3. Nc3 d5 4. Qb3 dxc4 5. Qxc4 Bg7 6. e4 O-O 7. Be2 Nfd7 8.
Be3 Nb6 9. Qc5 {This line was examined in several CBM issues: CBM 78 (Yakovich
- Smikovsky), CBM 101 (Miton - Krasenkow), CBM 118 (Sakaev - Ftacnik).} c6 $146
{A new idea. Here are some recent games with more common plans:} (9... f5 10.
Nf3 (10. Rd1 fxe4 11. Nxe4 Be6 12. b3 Bd5 13. Qc2 Nc6 14. Nf3 Nb4 15. Qd2 Bxe4
16. Qxb4 Nd5 17. Qd2 Bxf3 18. Bxf3 Nxe3 19. fxe3 {1/2 Savchenko,S (2604)
-Feller,S (2513)/Le Touquet 2007/EXT 2008}) 10... fxe4 11. Nxe4 N8d7 12. Qc2
Nf6 13. O-O Nbd5 14. Bc4 c6 15. Nc5 Kh8 16. Ne5 Qd6 17. Qe2 Nh5 18. Ne4 Qd8 19.
Ng5 Qe8 20. f4 e6 21. Rae1 Bd7 22. g4 Nhf6 23. Bd2 Rd8 24. Qf3 Bc8 25. Qh3 $36
{1-0 Bluvshtein,M (2548)-Zugic,I (2457)/Montreal CAN 2008/The Week in Chess
721 (35)}) (9... e5 10. Nf3 N8d7 11. Qa3 (11. Qa5 exd4 12. Bxd4 Bxd4 13. Nxd4
Qe7 14. O-O Nc5 15. Qa3 Re8 16. Rfe1 Ne6 17. Qxe7 Rxe7 18. Nc2 Nc5 19. f3 {
1/2 Ivanchuk,V (2729)-Svidler,P (2736)/Foros 2007/CBM 119}) 11... exd4 12. Bxd4
Bxd4 13. Nxd4 Qg5 14. O-O Qc5 15. Qxc5 Nxc5 16. Rfd1 c6 17. Rd2 a5 18. Rad1 Rd8
19. f4 Ne6 20. g3 Nxd4 21. Rxd4 Rxd4 22. Rxd4 Kf8 23. e5 Be6 24. a3 Bd5 $11 {
1/2 Moiseenko,A (2643)-Rodshtein,M (2614)/Maalot-Tarshiha 2008/CBM 122 (35)})
10. O-O-O Be6 11. h4 {A typical attack but Black decreases its strength by
exchanging queens.} Qd6 12. Qxd6 exd6 13. h5 Re8 14. Nh3 N8d7 15. Nf4 Bc4 16.
hxg6 hxg6 17. Bf3 {Of course, White evades the bishop exchange in order to
exploit disharmony in the position of Black's minor pieces.} a5 18. Nfe2 {
It is not easy for White to make progress.} (18. b3 Ba6 19. Kc2 Rac8 $5 20. Bg4
Rc7 {[%cal Yd7f6,Yc6c5]}) 18... a4 19. Bh6 d5 {This counter-attack in the
centre is not the simplest way.} (19... Bxh6+ $142 20. Rxh6 Kg7 21. Rdh1 Nf6
$11 (21... Rh8 $5)) 20. Ng3 (20. e5 c5 $1) 20... Nf6 {A bit artificial but
after} (20... dxe4 21. Ngxe4 {[%cal Re4d6] White retains some pressure despite
his isolated pawn.} Bxh6+ (21... Re7 22. Nd6 $14) 22. Rxh6 Kg7 23. Rh4 Nf6 24.
Nd6 $36) (20... Bxh6+ 21. Rxh6 Kg7 22. Rdh1 Rh8 23. Rxh8 Rxh8 24. Rxh8 Kxh8 25.
Kc2 {[%cal Rb2b3] and Black has hardly anything better than} Nf6) 21. e5 Nfd7
22. Bxg7 Kxg7 23. Bg4 c5 (23... f5 $5 $11) 24. f4 cxd4 25. Rxd4 Nc5 26. Kc2 Ne6
(26... Rh8 $5 $132) 27. Bxe6 fxe6 28. b3 axb3+ 29. axb3 Ba6 30. Nf1 $6 {
This knight should rather go to d4:} (30. Rdd1 Rh8 31. Nge2 $11) 30... Rh8 {
Seizing the open file, Black has more ambitions than equality after} (30...
Bxf1 31. Rxf1 Nd7 $11) 31. Rxh8 Rxh8 32. Ne3 Nc8 (32... Rh4 $5) 33. Rd2 $6 (33.
b4 $1 Na7 34. Nexd5 exd5 35. Rxd5 $13) 33... Rh4 $36 34. g4 Rh3 (34... Ne7 $142
) {The course of events becomes unfavorable for White so he decides to change
it.} 35. Nexd5 $1 {[%mdl 512]} exd5 36. Nxd5 Kf8 (36... Rg3 37. f5 Rxg4 (37...
gxf5 38. gxf5 Rg5 39. Ne3) 38. f6+ Kf7 39. Nc7 $132) 37. Nc7 Na7 38. e6 Nc6 39.
Rd7 Rf3 $2 {An unexpected blunder, after which White ends up with an extra
pawn.} (39... Ne7 40. Rd8+ Kg7 41. Ne8+ Kf8 $11) (39... Nb4+ 40. Kb2 Re3 41. f5
Nd3+ 42. Kc2 Nf4 $11) 40. e7+ Nxe7 41. Ne6+ Kf7 $8 42. Ng5+ Ke8 43. Rxe7+ Kxe7
44. Nxf3 {[%mdl 4096] However, accurate defence enables Black to survive. In
such open positions, with pawns on both sides, the bishop is stronger than the
knight - also in defence.} Be2 45. Ne5 Kf6 46. Kd2 Bf1 47. Nc4 g5 $5 48. Ne3
Bb5 49. Nd5+ Kf7 50. f5 Bc6 51. Ne3 Bf3 {[%csl Rg4]} 52. Kd3 Ke7 53. Kc4 Kd6
54. Kb5 Kc7 55. b4 Bc6+ 56. Kc5 Bf3 57. Kb5 Bc6+ 58. Kc4 Kd6 59. b5 Bf3 60. Kd4
Be2 61. b6 Bf3 62. Nc4+ Ke7 63. Ne5 Bd1 64. Kc5 Be2 65. Kd5 Bd1 66. Kd4 Kf6 67.
Ke4 Ke7 68. Kd5 Be2 69. Kd4 Bd1 70. Nc6+ Kf6 71. Na5 Bxg4 72. Nxb7 Bf3 73. Nd6
Ba8 74. Ke3 Ke5 75. b7 Bxb7 76. Nxb7 1/2-1/2